| 000 | 00477nam a2200157Ia 4500 | ||
|---|---|---|---|
| 008 | 220501s2021 xx 000 0 eng d | ||
| 020 | _a9789354243431 | ||
| 082 | _a658.70285 VIJ-S | ||
| 100 | _aVijayaraghavan, T.A.S. | ||
| 245 | 0 |
_aSupply chain analytics / _cT.A.S. Vijayaraghavan |
|
| 260 |
_aNew Delhi : _bWiley, _c2021. |
||
| 300 | _axxvii, 522p. ; | ||
| 650 | _aBusiness logistics - Data processing | ||
| 650 | _aBusiness logistics - Management | ||
| 942 |
_2ddc _cREF _056 |
||
| 999 |
_c18527 _d18527 |
||